Work-Family Interface in Sub-Saharan Africa : Challenges and Responses /
Estudio sobre la relación entre la incorporación de las mujeres a la fuerza laboral en el Africa Subsaharina y otras responsabilidades que tradicionalmente le han correspondido, como el cuidado de los hijos, los mayores, así como las faenas de la casa. El estudio aborda la brecha entre las remunerac...
Збережено в:
| Автор: | |
|---|---|
| Формат: | Книга |
| Мова: | Англійська |
| Опубліковано: |
Cham, Suiza :
Springer,
2014, c2014
|
| Серія: | (International Perspectives on Social Policy, Administration, and Practice) [s.n.]
|
| Предмети: | |
| Онлайн доступ: | Ver documento en línea |
| Теги: |
Немає тегів, Будьте першим, хто поставить тег для цього запису!
|
MARC
| LEADER | 00000nam^a2200000^a^4500 | ||
|---|---|---|---|
| 001 | 000432198 | ||
| 005 | 20251023000000.0 | ||
| 009 | 20260310123008.341 | ||
| 020 | |a 978-3-319-01237-7 | ||
| 037 | |a Acervo ITESO - Biblioteca | ||
| 041 | |a ING | ||
| 082 | |a 305. 4210967 |b MOK | ||
| 100 | |a Mokomane, Zitha |e (edición) | ||
| 245 | 1 | 0 | |a Work-Family Interface in Sub-Saharan Africa : |b Challenges and Responses / |c Ed. de Z. Mokomane. |
| 264 | 4 | |a Cham, Suiza : |b Springer, |c 2014, c2014 | |
| 264 | 2 | |a Cham, Suiza : |b Springer Link [distribución], |c 2014 | |
| 300 | |a 1 libro electrónico en línea (VIII, 216 p.) | ||
| 300 | |a 1 recurso en línea | ||
| 336 | |a datos para computadora |b cod |2 rdacontenido | ||
| 337 | |a computadora |b c |2 rdamedio | ||
| 338 | |a recurso en línea |b cr |2 rdasoporte | ||
| 440 | 1 | |a (International Perspectives on Social Policy, Administration, and Practice) [s.n.] | |
| 506 | 0 | |a Licencias ilimitadas | |
| 520 | |a Estudio sobre la relación entre la incorporación de las mujeres a la fuerza laboral en el Africa Subsaharina y otras responsabilidades que tradicionalmente le han correspondido, como el cuidado de los hijos, los mayores, así como las faenas de la casa. El estudio aborda la brecha entre las remuneraciones de hombres y mujeres, así como la desigualdad en la distribución de las tareas, tanto en el ámbito laboral como en el hogar. Este conflicto se aborda desde las perspectivas teórica, económica, política y social; esto permite que al final de cada capítulo se reflexione sobre las oportunidades y limitaciones de las mujeres en el trabajo, así como acerca de las líneas para diseñar políticas laborales y de género que tiendan hacia la equidad. Se ofrecen, asimismo, recomendaciones para disminuir la fricción entre trabajar y ser responsable de una familia. | ||
| 649 | |a XX | ||
| 650 | |a Mujeres - |z Africa Subsahariana - |x Condiciones Laborales - |x Tema Principal | ||
| 650 | |a Mujeres - |z Africa Subsahariana - |x Condiciones Sociales y Culturales | ||
| 650 | |a Mujeres - |z Africa Subsahariana - |x Condiciones Económicas | ||
| 650 | |a Calidad de Vida - |z Africa Subsahariana - |x Tema Principal | ||
| 650 | |a Roles Sexuales - |z Africa Subsahariana | ||
| 650 | |a Relaciones Intergénero - |z Africa Subsahariana | ||
| 650 | |a Relaciones Familiares - |z Africa Subsahariana - |x Tema Principal | ||
| 650 | |a Doble Jornada - |z Africa Subsahariana | ||
| 650 | |a Jornada Laboral - |z Africa Subsahariana | ||
| 650 | |a Mercado Laboral - |z Africa Subsahariana | ||
| 650 | |a Marginación - |z Africa Subsahariana | ||
| 650 | |a Salud Pública - |z Africa Subsahariana | ||
| 650 | |a Igualdad y Desigualdad - |z Africa Subsahariana - |x Tema Principal | ||
| 650 | |a Discriminación de Género - |z Africa Subsahariana | ||
| 650 | |a Política de Género - |z Africa Subsahariana | ||
| 650 | |a Política Social - |z Africa Subsaharina | ||
| 650 | |a Economía Laboral | ||
| 650 | |a Sociología Laboral | ||
| 650 | |a Africa Subsahariana - |x Condiciones Sociales y Culturales | ||
| 650 | |a Africa Subsahariana - |x Condiciones Económicas | ||
| 856 | 4 | 0 | |u https://link-springer-com.ezproxy.iteso.mx/10.1007/978-3-319-01237-7 |y Ver documento en línea |
| 910 | |a Fondo General | ||
| 920 | |a Electrónicos - Libros en Línea | ||
| 930 | |a Plataforma Digital | ||
| 905 | |a 205 | ||
| 901 | |a 432198-1 |b IT2 |c EBO |i C172346 |u 20250521 | ||
| 902 | |a https://opac.biblio.iteso.mx/vufind/Record/000432198 | ||